000 00745nam a2200241 i 4500
001 11526
003 ES-MaACL
005 20230906150123.0
007 t|
008 940905s1994 sp |||| | spa d
020 _a84-7935-204-3
080 _a860-1"19"(082.2
100 1 _aBayo, Emili.
_926691
245 1 3 _aLa poesía española en sus antologías
_b: 1939-1980 /
_cEmili Bayo.
250 _a1ª ed.
260 _aLleida :
_bPagès :
_bUniversitat,
_c1994.
300 _a2 v. ;
_c21 cm.
490 1 _aEl Fil d'Ariadna. Sèrie Literatura ;
_v17
650 1 4 _aPoesía española-
_yS.XX-
_xEdición.
_9169145
830 0 _aEl Fil d'Ariadna. Sèrie Literatura ;
_v17
_9228199
852 _aES-MaACL
_jL-18847-48
999 _c11526
_d11526